|
|
|
|
| LEADER |
00767nam a22001937a 4500 |
| 003 |
OSt |
| 082 |
|
|
|a 660.83
|b BEN/CH
|
| 245 |
|
|
|a Chemical formulary V.14:
|b a collection of valuable, timely, practical commercial formulae and recipes for making thousands of products in many fields of Industry
|
| 260 |
|
|
|a New York
|b Chemical Publishing Company, Inc.
|c 1968
|
| 300 |
|
|
|a 373p.
|
| 546 |
|
|
|a English
|
| 650 |
|
|
|a Adhesives
|
| 650 |
|
|
|a Cement and Ceramics
|
| 650 |
|
|
|a Coatings
|
| 650 |
|
|
|a Detergents
|
| 700 |
|
|
|a Bennett, H
|
| 942 |
|
|
|2 ddc
|c REF
|
| 999 |
|
|
|c 163156
|d 163156
|
| 952 |
|
|
|0 0
|1 0
|2 ddc
|4 0
|6 660_830000000000000_BENCH
|7 1
|8 REF
|9 162321
|a KAUCLV
|b KAUCLV
|c REF
|d 2019-01-03
|o 660.83 BEN/CH
|p 906701
|r 2019-01-03
|w 2019-01-03
|y REF
|z Book transferred from CoH Library, Acc.No: 6396
|